朝鲜所有官方城市(城市点位地图版) - Statistics

General Stats
  • This quiz has been taken 10 times
  • The average score is 12 of 28
Answers on the Map
Answers color-coded by a green-red scale on the quiz's map according to % correct below.
 
Answer Stats
城市 % Correct
直辖市 平壤直辖市
100%
平安北道 新义州市
88%
黄海北道 沙里院市
88%
江原道 元山市
88%
特别市 罗先特别市
88%
特别市 南浦特别市
88%
特别市 开城特别市
88%
咸镜南道 咸兴市
75%
咸镜北道 清津市
75%
两江道 惠山市
75%
慈江道 满浦市
50%
黄海南道 海州市
50%
平安南道 平城市
38%
咸镜北道 金策市
38%
两江道 三池渊市
38%
平安北道 龟城市
25%
慈江道 江界市
25%
咸镜北道 会宁市
25%
平安南道 安州市
13%
平安南道 德川市
13%
平安北道 定州市
13%
平安南道 价川市
0%
平安南道 顺川市
0%
慈江道 熙川市
0%
黄海北道 松林市
0%
江原道 文川市
0%
咸镜南道 端川市
0%
咸镜南道 新浦市
0%
No matching quizzes found
Score Distribution
Percent of People with Each Score
Percentile by Number Answered
Your Score History
You have not taken this quiz